000 00541nam a2200181Ia 4500
008 151018s9999 xx 000 0 und d
082 _bRBASDV39115
_a891.463
100 _aनयना आचार्य
245 _aशब्दगंध
250 _b1
260 _bविजयराज पब्लिकेशन
_c2003
300 _a164
600 _aनयना आचार्य
630 _aशब्दगंध
700 _aनयना आचार्य
730 _aशब्दगंध
942 _cBOOK
999 _c1038445
_d1038442